[Event "ARG-ch 96th"]
[Site "Buenos Aires"]
[Date "2022.06.02"]
[Round "1"]
[White "Velazquez, Gustavo"]
[Black "Bertona, Fernando"]
[Result "0-1"]
[WhiteElo "1908"]
[BlackElo "2410"]
[PlyCount "98"]
[EventDate "2022.06.02"]
[EventType "swiss"]
[EventRounds "11"]
[EventCountry "ARG"]
[SourceTitle "CBM 208 Extra"]
[Source "ChessBase"]
[SourceDate "2022.07.31"]
[SourceVersion "1"]
[SourceVersionDate "2022.07.31"]
[SourceQuality "1"]

1. e4 d5 2. exd5 Qxd5 3. Nc3 Qa5 4. d4 Nf6 5. Nf3 Bf5 6. Bd2 e6 7. Bc4 Bb4 8. a3 Bxc3 9. Bxc3 Qb6 10. Qe2 0-0 11. 0-0 Nc6 12. b3 Rfd8 13. Bb2 Bg4 14. Rad1 Rab8 15. h3 Bxf3 16. Qxf3 Nxd4 17. Qf4 c5 18. Kh1 Qd6 19. Qh4 Nf5 20. Rxd6 Nxh4 21. Rfd1 Rxd6 22. Rxd6 Nf5 23. Rd1 Nd4 24. a4 Nxc2 25. Bxf6 gxf6 26. Rd7 Nb4 27. Rc7 Nc6 28. Bb5 Na5 29. Bc4 b6 30. Rxa7 Rd8 31. Ra6 Rd6 32. Kh2 Kg7 33. Kg3 Kg6 34. Kf3 f5 35. Ke3 Kf6 36. g3 h6 37. Kf3 Nxb3 38. Ke3 Na5 39. Be2 Ke5 40. Ra7 Kf6 41. Ra6 e5 42. Bb5 Ke6 43. Ra7 c4 44. Be8 Kd5 45. Rc7 Nc6 46. Bxf7+ Kc5 47. Be8 e4 48. g4 fxg4 49. hxg4 c3 0-1

[Event "Villa Martelli Rubinstein op"]
[Site "Villa Martelli"]
[Date "2011.08.06"]
[Round "6"]
[White "Velazquez, Gustavo"]
[Black "Pravettoni, Ezequiel"]
[Result "0-1"]
[WhiteElo "2025"]
[BlackElo "1499"]
[PlyCount "96"]
[EventDate "2011.08.01"]
[EventType "swiss"]
[EventRounds "9"]
[EventCountry "ARG"]
[SourceTitle "EXT 2012"]
[Source "ChessBase"]
[SourceDate "2011.11.24"]
[SourceVersion "1"]
[SourceVersionDate "2011.11.24"]
[SourceQuality "1"]

1. d4 Nf6 2. Nf3 c5 3. e3 Nc6 4. g3 g6 5. Bg2 Bg7 6. 0-0 0-0 7. b3 d6 8. Bb2 Bg4 9. Nbd2 Qd7 10. dxc5 dxc5 11. Qe2 Bh3 12. Rad1 Bxg2 13. Kxg2 Qc7 14. a4 Nd5 15. Bxg7 Kxg7 16. Qc4 Ncb4 17. Ne4 e6 18. c3 Na6 19. Rd3 Rac8 20. Rfd1 Nb8 21. Rxd5 exd5 22. Rxd5 b6 23. Nd6 Rcd8 24. Qd3 Nc6 25. e4 Ne7 26. Nb5 Rxd5 27. exd5 Qd7 28. c4 Qf5 29. Qe3 Nc8 30. h3 Qf6 31. Nd2 Nd6 32. Ne4 Nxe4 33. Qxe4 a6 34. Na7 Qd4 35. Qe2 Qf6 36. Nc6 Qd6 37. Qe3 b5 38. axb5 axb5 39. f4 bxc4 40. bxc4 f6 41. Na7 Ra8 42. Nb5 Qd7 43. g4 Rc8 44. Kg3 Qe8 45. Qc3 Qe7 46. g5 Re8 47. Kf3 Qe2+ 48. Kg3 Re3+ 0-1

[Event "Villa Martelli Rubinstein op"]
[Site "Villa Martelli"]
[Date "2011.08.03"]
[Round "3"]
[White "Velazquez, Gustavo"]
[Black "Sanchez, Gabriel"]
[Result "1-0"]
[WhiteElo "2025"]
[BlackElo "2170"]
[PlyCount "49"]
[EventDate "2011.08.01"]
[EventType "swiss"]
[EventRounds "9"]
[EventCountry "ARG"]
[SourceTitle "EXT 2012"]
[Source "ChessBase"]
[SourceDate "2011.11.24"]
[SourceVersion "1"]
[SourceVersionDate "2011.11.24"]
[SourceQuality "1"]

1. d4 c5 2. e3 Nf6 3. Nf3 d6 4. b3 e6 5. Bb2 Be7 6. Nbd2 Qa5 7. Bd3 Nc6 8. a3 0-0 9. 0-0 cxd4 10. exd4 d5 11. Re1 Bd6 12. Ne5 Nd7 13. Ndf3 f6 14. Nxc6 bxc6 15. Rxe6 Qc7 16. Re1 Nb6 17. h3 Bd7 18. c4 Bf4 19. Qc2 f5 20. Re2 g5 21. Ne5 Rae8 22. Rae1 Qd8 23. Bc3 g4 24. hxg4 fxg4 25. Bxh7+ 1-0

[Event "Villa Martelli Rubinstein op"]
[Site "Villa Martelli"]
[Date "2011.08.01"]
[Round "1"]
[White "Velazquez, Gustavo"]
[Black "Elias Reyes, Jorge Roberto"]
[Result "0-1"]
[WhiteElo "2025"]
[BlackElo "1991"]
[PlyCount "100"]
[EventDate "2011.08.01"]
[EventType "swiss"]
[EventRounds "9"]
[EventCountry "ARG"]
[SourceTitle "EXT 2012"]
[Source "ChessBase"]
[SourceDate "2011.11.24"]
[SourceVersion "1"]
[SourceVersionDate "2011.11.24"]
[SourceQuality "1"]

1. d4 d5 2. Nf3 c5 3. e3 Nc6 4. b3 Nf6 5. Bb2 Bg4 6. Nbd2 e6 7. a3 Rc8 8. Bd3 cxd4 9. exd4 Bd6 10. 0-0 0-0 11. Qe1 Qc7 12. Kh1 Rce8 13. Ne5 Bh5 14. f4 Bxe5 15. fxe5 Nd7 16. Bxh7+ Kxh7 17. Qh4 g6 18. g4 Qd8 19. Qg3 Qg5 20. Rf4 Bxg4 21. h4 Qh5 22. Rxg4 Ne7 23. Rg5 Qh6 24. Nf3 Nf5 25. Qf4 f6 26. exf6 Rxf6 27. Rf1 Nxh4 28. Qh2 Rxf3 29. Rfg1 Rg8 30. Bc1 Nf5 31. Qxh6+ Nxh6 32. Kg2 Rf5 33. Rh1 Kg7 34. Rxh6 Rxg5+ 35. Bxg5 Rh8 36. Rxh8 Kxh8 37. Kg3 Kg7 38. Kf4 Kf7 39. Bh4 a6 40. Bd8 b5 41. Bc7 Kg7 42. Kg5 Kh7 43. Bd8 e5 44. dxe5 Nxe5 45. Bc7 Nd7 46. Bf4 Kg7 47. Be3 Kf7 48. Bd4 Nf8 49. Be3 Ne6+ 50. Kg4 Ke7 0-1

[Event "Villa Martelli op"]
[Site "Villa Martelli"]
[Date "2010.08.08"]
[Round "4"]
[White "Velazquez, Gustavo"]
[Black "Bulcourf, Carlos"]
[Result "0-1"]
[WhiteElo "2046"]
[BlackElo "2191"]
[PlyCount "46"]
[EventDate "2010.08.04"]
[EventType "swiss"]
[EventRounds "9"]
[EventCountry "ARG"]
[SourceTitle "CBM 137 Extra"]
[Source "ChessBase"]
[SourceDate "2010.09.01"]
[SourceVersion "1"]
[SourceVersionDate "2010.09.01"]
[SourceQuality "1"]

1. d4 d5 2. Nf3 Bf5 3. c3 e6 4. Qb3 Nd7 5. Qxb7 Bd6 6. e3 Ne7 7. Qa6 0-0 8. Na3 c6 9. Be2 Qb6 10. Qa4 a5 11. Nh4 Be4 12. f3 Bg6 13. Nxg6 fxg6 14. Nb1 e5 15. Nd2 exd4 16. cxd4 Nf5 17. e4 Nxd4 18. Kf1 Rae8 19. Bd3 Ne5 20. Bb1 Qa6+ 21. Kg1 Ne2+ 22. Kf2 Bc5+ 23. Ke1 Nxc1 0-1

[Event "Villa Ballester LV op"]
[Site "Villa Ballester"]
[Date "2005.01.09"]
[Round "4"]
[White "Velazquez, Gustavo"]
[Black "Dolezal, Cristian"]
[Result "0-1"]
[WhiteElo "2088"]
[BlackElo "2400"]
[PlyCount "88"]
[EventDate "2005.01.05"]
[EventType "swiss"]
[EventRounds "9"]
[EventCountry "ARG"]
[SourceTitle "CBM 104 Extra"]
[Source "ChessBase"]
[SourceDate "2005.03.01"]
[SourceVersion "1"]
[SourceVersionDate "2005.03.01"]
[SourceQuality "1"]

1. d4 c5 2. c3 e6 3. Nf3 d5 4. Bf4 Nc6 5. e3 Bd6 6. Bg3 Nf6 7. Nbd2 Qe7 8. Bd3 e5 9. dxe5 Nxe5 10. Nxe5 Bxe5 11. Bb5+ Bd7 12. Bxd7+ Nxd7 13. Nf3 Bxg3 14. hxg3 Nb6 15. Qd3 g6 16. Qb5+ Kf8 17. Rd1 Kg7 18. a4 Rad8 19. b3 Rhe8 20. a5 Nc8 21. a6 b6 22. Qa4 h6 23. Qc6 Rd6 24. Qa4 g5 25. Ng1 Qd8 26. Ne2 Re4 27. Qa1 Qf6 28. 0-0 Ne7 29. Qb1 Qe6 30. b4 Rc4 31. Qb3 Nf5 32. Rd3 Re4 33. Rd2 Rxe3 34. fxe3 Qxe3+ 35. Kh2 Qxd2 36. Rxf5 Qxe2 37. bxc5 bxc5 38. Qb7 Qe6 39. g4 Rd7 40. Qb5 Qd6+ 41. Kg1 d4 42. Rxc5 d3 43. Rc6 Qe7 44. Qf5 d2 0-1

[Event "Villa Ballester LV op"]
[Site "Villa Ballester"]
[Date "2005.01.07"]
[Round "2"]
[White "Velazquez, Gustavo"]
[Black "Mazziotti Irigoyen, Gabriel"]
[Result "1-0"]
[WhiteElo "2088"]
[BlackElo "2277"]
[PlyCount "91"]
[EventDate "2005.01.05"]
[EventType "swiss"]
[EventRounds "9"]
[EventCountry "ARG"]
[SourceTitle "CBM 104 Extra"]
[Source "ChessBase"]
[SourceDate "2005.03.01"]
[SourceVersion "1"]
[SourceVersionDate "2005.03.01"]
[SourceQuality "1"]

1. d4 d5 2. Nf3 Nf6 3. Bf4 g6 4. h3 Bg7 5. e3 0-0 6. c4 e6 7. Be2 b6 8. 0-0 Bb7 9. Nc3 a6 10. Rc1 Nbd7 11. cxd5 exd5 12. Nb1 Rc8 13. b4 Re8 14. Qb3 Ne4 15. Rc2 Nf8 16. Rfc1 Ne6 17. Bh2 Re7 18. Qa3 c5 19. dxc5 bxc5 20. bxc5 Rc6 21. Nbd2 Qc8 22. Nb3 Rd7 23. Nfd4 Nxd4 24. Nxd4 Bxd4 25. exd4 Re7 26. Bg4 f5 27. Bf3 g5 28. Bxe4 fxe4 29. Qe3 Qf5 30. Rb2 Bc8 31. Rb6 Ree6 32. Rxc6 Rxc6 33. Rb1 Qg6 34. Rb8 h5 35. Bd6 Kh7 36. Qg3 Qf5 37. Ra8 h4 38. Ra7+ Kg6 39. Qe3 Be6 40. Qb3 Rxd6 41. cxd6 Qf4 42. Qc3 Qxd6 43. Qc7 Qa3 44. Qh7+ Kf6 45. Qg7+ Kf5 46. Rf7+ 1-0

[Event "Villa Ballester CAVB 2nd"]
[Site "Villa Ballester"]
[Date "2004.05.01"]
[Round "7"]
[White "Aberbach Peltzman, Angel Sergio"]
[Black "Velazquez, Gustavo"]
[Result "1-0"]
[WhiteElo "2102"]
[BlackElo "2122"]
[PlyCount "55"]
[EventDate "2004.04.17"]
[EventType "tourn"]
[EventRounds "9"]
[EventCountry "ARG"]
[SourceTitle "EXT 2005"]
[Source "ChessBase"]
[SourceDate "2004.11.15"]
[SourceVersion "1"]
[SourceVersionDate "2004.11.15"]
[SourceQuality "1"]

1. d4 d5 2. Bg5 Nf6 3. e3 e6 4. Nf3 Be7 5. c4 Nbd7 6. Nc3 c6 7. cxd5 Nxd5 8. Bxe7 Qxe7 9. Bd3 N5f6 10. 0-0 e5 11. e4 0-0 12. h3 exd4 13. Nxd4 Ne5 14. Nf3 Rd8 15. Nxe5 Qxe5 16. Qf3 Be6 17. Rad1 a6 18. Qe3 Qd4 19. Qe2 Qc5 20. e5 Nd5 21. Ne4 Qb6 22. Ng5 Nf4 23. Bxh7+ Kh8 24. Qe4 Rd4 25. Qe3 Rad8 26. Rxd4 Rxd4 27. Be4 Qb5 28. Qxf4 1-0

[Event "Villa Ballester CAVB 2nd"]
[Site "Villa Ballester"]
[Date "2004.04.18"]
[Round "3"]
[White "Velazquez, Gustavo"]
[Black "Chadwick, Norman William"]
[Result "0-1"]
[WhiteElo "2122"]
[BlackElo "2211"]
[PlyCount "44"]
[EventDate "2004.04.17"]
[EventType "tourn"]
[EventRounds "9"]
[EventCountry "ARG"]
[SourceTitle "EXT 2005"]
[Source "ChessBase"]
[SourceDate "2004.11.15"]
[SourceVersion "1"]
[SourceVersionDate "2004.11.15"]
[SourceQuality "1"]

1. e4 c5 2. c4 Nc6 3. Nc3 g6 4. g3 Bg7 5. Bg2 a6 6. Nge2 b5 7. d3 b4 8. Nd5 e6 9. Ne3 Bb7 10. Rb1 Qa5 11. Qb3 Nd4 12. Nxd4 Bxd4 13. Nc2 Bc6 14. a4 Bxa4 15. Ra1 Bxb3 16. Rxa5 Bxc2 17. Kd2 b3 18. f4 Ne7 19. Bf3 Nc6 20. Ra4 Nb4 21. Be2 0-0 22. Rf1 d5 0-1

[Event "Escobar op g75' 2nd"]
[Site "Escobar"]
[Date "2004.02.08"]
[Round "2"]
[White "Velazquez, Gustavo"]
[Black "Garbarino, Rodolfo"]
[Result "0-1"]
[WhiteElo "2141"]
[BlackElo "2393"]
[PlyCount "88"]
[EventDate "2004.02.06"]
[EventType "swiss (rapid)"]
[EventRounds "7"]
[EventCountry "ARG"]
[SourceTitle "CBM 098 Extra"]
[Source "ChessBase"]
[SourceDate "2004.03.10"]
[SourceVersion "2"]
[SourceVersionDate "2004.03.10"]
[SourceQuality "1"]

1. e4 e5 2. Nf3 Nc6 3. d4 exd4 4. Nxd4 g6 5. Bc4 Bg7 6. Be3 Nf6 7. Nxc6 bxc6 8. Nc3 Qe7 9. Qd3 0-0 10. 0-0 Ng4 11. Bf4 Ne5 12. Qe2 a5 13. Bxe5 Qxe5 14. Rad1 d6 15. f4 Qc5+ 16. Kh1 Be6 17. Bxe6 fxe6 18. Rd3 Rae8 19. Rdf3 Qb4 20. Nd1 a4 21. b3 axb3 22. axb3 c5 23. Qd3 Qd4 24. Qxd4 cxd4 25. Nb2 Ra8 26. Nd3 c5 27. g4 Ra7 28. R1f2 e5 29. Kg2 h6 30. h4 h5 31. gxh5 gxh5 32. Rg3 Kh7 33. f5 Bf6 34. Kh3 Rg8 35. Rxg8 Kxg8 36. Rh2 Kf7 37. Kg2 Ra1 38. Kf3 Rg1 39. Nf2 Ke7 40. Ke2 Kd7 41. Kd3 Kc6 42. Kc4 Rg3 43. Nd3 Rg4 44. Re2 Rxh4 0-1

[Event "Villa Ballester op 54th"]
[Site "Villa Ballester"]
[Date "2004.01.16"]
[Round "7"]
[White "Velazquez, Gustavo"]
[Black "Bulo, Paulo Emanuel"]
[Result "0-1"]
[WhiteElo "2141"]
[BlackElo "2199"]
[PlyCount "128"]
[EventDate "2004.01.07"]
[EventType "swiss"]
[EventRounds "9"]
[EventCountry "ARG"]
[SourceTitle "CBM 098 Extra"]
[Source "ChessBase"]
[SourceDate "2004.03.10"]
[SourceVersion "2"]
[SourceVersionDate "2004.03.10"]
[SourceQuality "1"]

1. e4 c5 2. c4 d6 3. g3 Nc6 4. Bg2 g6 5. Nc3 Bg7 6. Nge2 e6 7. 0-0 Nge7 8. a3 0-0 9. Rb1 f5 10. d3 a6 11. b4 Ne5 12. f4 N5c6 13. b5 Nd4 14. bxa6 Rxa6 15. Nb5 fxe4 16. dxe4 e5 17. Nec3 Bd7 18. fxe5 dxe5 19. Bg5 Bf6 20. Bxf6 Raxf6 21. Rxf6 Rxf6 22. Nxd4 cxd4 23. Rxb7 Bg4 24. Qb3 dxc3 25. Rb8 Nc8 26. h3 Qd4+ 27. Kh2 Be6 28. a4 Rf8 29. a5 Qxc4 30. Qc2 Qc7 31. Rb5 Na7 32. Rb6 Bf7 33. Rf6 Kg7 34. Rb6 Nc8 35. Rb5 Rd8 36. a6 Qc4 37. Rb7 Qxa6 38. Rc7 Rd3 39. Rxc3 Rxc3 40. Qxc3 Qe6 41. h4 Nd6 42. Bh3 Qf6 43. Bg2 Qe6 44. Bh3 Nxe4 45. Qe3 Qa2+ 46. Bg2 Nf6 47. Qxe5 Qf2 48. Qe7 Ng4+ 49. Kh3 Qf5 50. Qc7 Ne3+ 51. Kh2 Nxg2 52. Kxg2 Qe4+ 53. Kg1 Qe3+ 54. Kg2 h5 55. Kf1 Qf3+ 56. Ke1 Qe3+ 57. Kd1 Qd4+ 58. Ke1 Kg8 59. Qb8+ Kh7 60. Qc7 Qg7 61. Kf2 Bd5 62. Qd6 Qd4+ 63. Ke1 Qc3+ 64. Kf2 Qd2+ 0-1

[Event "ARG-ch 77th"]
[Site "Tres de Febrero"]
[Date "2003.09.09"]
[Round "7"]
[White "Velazquez, Gustavo"]
[Black "Sapienza, Julian"]
[Result "0-1"]
[WhiteElo "2141"]
[BlackElo "2266"]
[PlyCount "134"]
[EventDate "2003.09.03"]
[EventType "swiss"]
[EventRounds "9"]
[EventCountry "ARG"]
[SourceTitle "CBM 096 Extra"]
[Source "ChessBase"]
[SourceDate "2003.10.22"]
[SourceVersion "2"]
[SourceVersionDate "2003.10.20"]
[SourceQuality "1"]

1. d4 e6 2. Nf3 c5 3. c3 Qb6 4. Qb3 Nc6 5. Bf4 cxd4 6. Qxb6 axb6 7. Nxd4 Nf6 8. Nb5 Ra5 9. e3 e5 10. Bg3 d5 11. Nd2 Be7 12. Nc7+ Kd8 13. Nb5 Bd7 14. Be2 h5 15. h3 h4 16. Bh2 Kc8 17. b4 Ra4 18. Nf3 Rh5 19. Bd1 Ra8 20. a4 Nxb4 21. cxb4 Bxb4+ 22. Nd2 Rg5 23. Rb1 Bxd2+ 24. Kxd2 Rxg2 25. Bxe5 Ne4+ 26. Ke2 Bf5 27. Rc1+ Kd7 28. Nd4 Re8 29. Bf4 g5 30. a5 Ra8 31. Nxf5 Rxf2+ 32. Ke1 gxf4 33. Ba4+ Ke6 34. Ng7+ Ke5 35. exf4+ Kf6 36. Nh5+ Kg6 37. Bd1 Rxa5 38. f5+ Kh6 39. Rf1 Rh2 40. Rc2 Rxc2 41. Bxc2 Ra1+ 42. Bd1 Nc3 43. Kd2 Rxd1+ 44. Rxd1 Nxd1 45. Nf4 Nf2 46. Ke3 Kg5 47. f6 Nd1+ 48. Kf3 Nc3 49. Nd3 Kxf6 50. Kg4 b5 51. Kxh4 Na2 52. Kg4 b4 53. Kf4 b3 54. Ke3 Nc1 55. Nb2 Kg5 56. Kd4 Kh4 57. Kxd5 Kxh3 58. Ke5 Kg4 59. Kf6 Kf4 60. Kxf7 Ke4 61. Ke7 Kd4 62. Kd6 b5 63. Kc6 Kc3 64. Nd1+ Kc2 65. Ne3+ Kd2 66. Nf1+ Ke2 67. Ng3+ Kd3 0-1

[Event "ARG-ch 77th"]
[Site "Tres de Febrero"]
[Date "2003.09.06"]
[Round "4"]
[White "Malbran, Guillermo"]
[Black "Velazquez, Gustavo"]
[Result "1-0"]
[WhiteElo "2345"]
[BlackElo "2141"]
[PlyCount "115"]
[EventDate "2003.09.03"]
[EventType "swiss"]
[EventRounds "9"]
[EventCountry "ARG"]
[SourceTitle "CBM 096 Extra"]
[Source "ChessBase"]
[SourceDate "2003.10.22"]
[SourceVersion "2"]
[SourceVersionDate "2003.10.20"]
[SourceQuality "1"]

1. e4 e5 2. Nf3 Nf6 3. Nc3 Bb4 4. Nxe5 0-0 5. Nd3 Bxc3 6. dxc3 Nxe4 7. Be3 Re8 8. Nf4 c6 9. Bd3 d5 10. 0-0 Bf5 11. Nh5 Nd7 12. Bd4 f6 13. Re1 Ne5 14. f3 Nd6 15. Ng3 Qd7 16. Nxf5 Nxf5 17. Bf2 b6 18. Bf1 Rad8 19. a4 Qc7 20. Qd2 Ng6 21. Rxe8+ Rxe8 22. c4 d4 23. Re1 Re5 24. Bd3 Nge7 25. g4 Ne3 26. Bxe3 dxe3 27. Rxe3 Rxe3 28. Qxe3 Qe5 29. Qxe5 fxe5 30. Kf2 h6 31. Ke3 Kf7 32. h4 g5 33. hxg5 hxg5 34. c5 bxc5 35. Bc4+ Nd5+ 36. Ke4 Ke6 37. b3 a5 38. c3 Kd6 39. Kf5 Nxc3 40. Kxg5 Nd5 41. Kf5 Ne3+ 42. Ke4 Ng2 43. g5 Nh4 44. Bg8 Ke7 45. Bc4 Kd6 46. Bf1 Ke6 47. Be2 Ng6 48. Bc4+ Ke7 49. Bg8 Nh4 50. Bh7 Ke6 51. Bg8+ Kd6 52. f4 exf4 53. Kxf4 Ng6+ 54. Ke4 Ke7 55. Bh7 Nh4 56. Kf4 Ng2+ 57. Kf3 Nh4+ 58. Kg3 1-0

[Event "Villa Ballester op 53th"]
[Site "Villa Ballester"]
[Date "2003.01.19"]
[Round "9"]
[White "Dos Santos, Ramiro"]
[Black "Velazquez, Gustavo"]
[Result "1-0"]
[WhiteElo "2390"]
[BlackElo "2162"]
[PlyCount "89"]
[EventDate "2003.01.15"]
[EventType "swiss"]
[EventRounds "9"]
[EventCountry "ARG"]
[SourceTitle "CBM 092 Extra"]
[Source "ChessBase"]
[SourceDate "2003.03.07"]
[SourceVersion "1"]
[SourceVersionDate "2003.03.07"]
[SourceQuality "1"]

1. e4 d5 2. exd5 Qxd5 3. Nc3 Qa5 4. d4 Nf6 5. Bc4 c6 6. Bd2 Bf5 7. Nf3 Nbd7 8. Qe2 e6 9. d5 cxd5 10. Nxd5 Qd8 11. Nxf6+ Qxf6 12. 0-0 Bg4 13. Bd5 Rb8 14. Bc3 Qf5 15. Rad1 Be7 16. Be4 Bxf3 17. Bxf3 Bf6 18. Rd5 Qf4 19. Rfd1 Rd8 20. Bxf6 gxf6 21. R5d4 Qc7 22. Qb5 Ke7 23. Rc4 Qb6 24. Qxb6 Nxb6 25. Rc7+ Rd7 26. Rdxd7+ Nxd7 27. Rxb7 Rc8 28. c3 a5 29. Be2 Kd6 30. Bb5 Ne5 31. f4 Ng6 32. Rxf7 Nxf4 33. Rxf6 Ke5 34. Rf7 h5 35. g3 Nh3+ 36. Kf1 Ng5 37. Ra7 Rf8+ 38. Ke2 Nh3 39. Rxa5 Ng1+ 40. Ke1 Nf3+ 41. Kd1 Nxh2 42. Be2+ Ke4 43. Rxh5 Rf2 44. a4 Rg2 45. a5 1-0

[Event "Villa Ballester de Invierno op 2nd"]
[Site "Villa Ballester"]
[Date "2002.08.23"]
[Round "5"]
[White "Alvarez, Roberto Gabriel"]
[Black "Velazquez, Gustavo"]
[Result "1-0"]
[WhiteElo "2279"]
[BlackElo "2166"]
[PlyCount "137"]
[EventDate "2002.08.16"]
[EventType "swiss"]
[EventRounds "7"]
[EventCountry "ARG"]
[SourceTitle "EXT 2006"]
[Source "ChessBase"]
[SourceDate "2005.11.24"]
[SourceVersion "1"]
[SourceVersionDate "2005.11.24"]
[SourceQuality "1"]

1. d4 Nf6 2. Nf3 g6 3. c4 Bg7 4. Nc3 d6 5. e4 0-0 6. Be2 Nbd7 7. Qc2 e5 8. d5 a5 9. b3 Nc5 10. Bb2 Nh5 11. 0-0-0 f5 12. Nd2 Nf6 13. f3 Bh6 14. Bd3 fxe4 15. Bxe4 Ncxe4 16. Ncxe4 Nxe4 17. Qxe4 Qg5 18. Qe2 Ra6 19. Bc3 Rb6 20. Kb2 a4 21. Ne4 Qe7 22. b4 a3+ 23. Ka1 Ra6 24. Rhe1 Bf5 25. Qc2 Bg7 26. Bd2 Rfa8 27. Qb3 Qd7 28. Kb1 Qa4 29. Kc2 Qxb3+ 30. Kxb3 Rd8 31. Bc1 b6 32. b5 Ra7 33. Re2 h6 34. Rd3 Rf8 35. Bxa3 Rfa8 36. Bb4 Bxe4 37. fxe4 Rf8 38. Rf3 Rxf3+ 39. gxf3 Kf7 40. a4 Ke8 41. Rg2 g5 42. Ra2 Bf6 43. a5 bxa5 44. Bxa5 Kd7 45. Kb4 Ra8 46. Kb3 Be7 47. Bd2 Rxa2 48. Kxa2 Bd8 49. Kb3 Ke7 50. Ba5 Kd7 51. Kc2 Ke7 52. Kd3 Kd7 53. Ke2 Ke7 54. Kf2 Kf7 55. Kg3 Kf6 56. h4 gxh4+ 57. Kxh4 Kg6+ 58. Kg3 Kf7 59. c5 Ke7 60. c6 Ke8 61. Bd2 Bf6 62. Be3 Kd8 63. Kh3 Kc8 64. b6 cxb6 65. Bxb6 Bg5 66. Bf2 Kc7 67. Bh4 Bd2 68. Bf6 Be1 69. f4 1-0

[Event "Villa Ballester de Invierno op 2nd"]
[Site "Villa Ballester"]
[Date "2002.08.19"]
[Round "3"]
[White "Maucci, Luis Marcelo"]
[Black "Velazquez, Gustavo"]
[Result "1-0"]
[WhiteElo "2062"]
[BlackElo "2166"]
[PlyCount "85"]
[EventDate "2002.08.16"]
[EventType "swiss"]
[EventRounds "7"]
[EventCountry "ARG"]
[SourceTitle "EXT 2006"]
[Source "ChessBase"]
[SourceDate "2005.11.24"]
[SourceVersion "1"]
[SourceVersionDate "2005.11.24"]
[SourceQuality "1"]

1. e4 d5 2. exd5 Qxd5 3. Nc3 Qa5 4. d4 Nf6 5. Bc4 c6 6. Nf3 Bg4 7. Qd3 Bxf3 8. Qxf3 e6 9. 0-0 Nbd7 10. a3 Be7 11. Bb3 0-0 12. Re1 Rad8 13. Bd2 Qc7 14. Bf4 Bd6 15. Bxd6 Qxd6 16. Rad1 b5 17. h3 Nd5 18. Ne4 Qb8 19. c3 a5 20. Bc2 Qf4 21. Qxf4 Nxf4 22. Nd6 Nb6 23. Nb7 Rd5 24. Be4 Rg5 25. h4 Rg4 26. Bxc6 Rxh4 27. g3 Nh3+ 28. Kg2 Rh6 29. Bxb5 Ng5 30. f4 Nh3 31. Rh1 Rb8 32. Bc6 e5 33. d5 Nc4 34. Rde1 exf4 35. Rxh3 f3+ 36. Kh2 f2 37. Rf1 Rf6 38. g4 Nd2 39. Kg2 Nxf1 40. Kxf1 Rf4 41. Re3 Rxg4 42. d6 Rg6 43. d7 1-0

[Event "Villa Ballester op 52nd"]
[Site "Villa Ballester"]
[Date "2002.01.11"]
[Round "7"]
[White "Duarte, Guillermo"]
[Black "Velazquez, Gustavo"]
[Result "0-1"]
[WhiteElo "2173"]
[BlackElo "2166"]
[PlyCount "92"]
[EventDate "2002.01.02"]
[EventType "swiss"]
[EventRounds "9"]
[EventCountry "ARG"]
[SourceTitle "CBM 086 Extra"]
[Source "ChessBase"]
[SourceDate "2002.03.14"]
[SourceVersion "1"]
[SourceVersionDate "2002.03.14"]
[SourceQuality "1"]

1. d4 e6 2. c4 f5 3. g3 Nf6 4. Bg2 d5 5. Nf3 c6 6. 0-0 Be7 7. Nc3 0-0 8. Qc2 Ne4 9. b3 Bf6 10. Bb2 Nd7 11. Rad1 Qe8 12. Ba3 Rf7 13. e3 g5 14. Ne2 Rg7 15. Ne1 Bd8 16. f3 Nef6 17. e4 Nf8 18. Nd3 Bb6 19. Bxf8 Qxf8 20. c5 Bc7 21. e5 Ne8 22. f4 h6 23. b4 Bd8 24. Ra1 Nc7 25. Rfb1 Qe8 26. Rc1 h5 27. Kf2 h4 28. Bf3 Bd7 29. Rg1 Qf7 30. Nc3 Kf8 31. Qb3 Qg8 32. Raf1 Qh7 33. Ke3 Qh6 34. a4 a6 35. Qd1 Rb8 36. a5 Be8 37. Kd2 Bf7 38. Kc2 Be7 39. Kb2 Ke8 40. Kb3 Kd7 41. Qe2 Rbg8 42. Qf2 Bh5 43. Bh1 Bg4 44. gxh4 gxf4 45. Ka3 Bxh4 46. Qxf4 Bg5 0-1

[Event "Villa Ballester op 52nd"]
[Site "Villa Ballester"]
[Date "2002.01.08"]
[Round "5"]
[White "Velazquez, Gustavo"]
[Black "Diaz, Diego Patricio"]
[Result "0-1"]
[WhiteElo "2166"]
[BlackElo "2070"]
[PlyCount "38"]
[EventDate "2002.01.02"]
[EventType "swiss"]
[EventRounds "9"]
[EventCountry "ARG"]
[SourceTitle "CBM 086 Extra"]
[Source "ChessBase"]
[SourceDate "2002.03.14"]
[SourceVersion "1"]
[SourceVersionDate "2002.03.14"]
[SourceQuality "1"]

1. e4 Nf6 2. Nc3 d5 3. g3 d4 4. Nce2 Nxe4 5. Bg2 Nf6 6. Nf3 c5 7. b4 Nc6 8. bxc5 e5 9. 0-0 Bxc5 10. d3 0-0 11. Nd2 Nd5 12. Ne4 Be7 13. c4 dxc3 14. N4xc3 Be6 15. Bb2 Qd7 16. Re1 Rfd8 17. a3 Nb6 18. Nc1 f6 19. Qh5 Bg4 0-1